000 00450nam a2200169Ia 4500
008 150509s9999 xx 000 0 und d
020 _a0 300 08898 1
082 _a005.72 LYN
100 _aLynch, Patrick J.
245 _aWeb style guide
260 _aNew Haven:
260 _bYale University
260 _c2001
300 _axiv, 223 p. : ill. ; 25 cm.
500 _aIncludes bibliographical references and index
650 _aWeb sites - Design
999 _c7675
_d7675